Countries with Largest Orthodox Population - Statistics

General Stats
  • This quiz has been taken 1,317 times
    1,297 since last reset
  • The average score is 14 of 20
Answer Stats
# of Orthodox % Country % Correct
100,380,000 70 Russia
99%
32,294,927 72 Ukraine
94%
8,111,398 75 Greece
93%
16,004,361 85,9 Romania
93%
6,105,747 68,44 Serbia
90%
5,552,886 75,4 Bulgaria
89%
4,567,973 48,3 Belarus
86%
817,528 0,25 USA
81%
3,321,014 93,3 Moldova
80%
3,761,908 83,9 Georgia
79%
1,459,100 38 Bosnia and Herzegovina
73%
1,333,933 64,8 Macedonia
69%
4,307,715 23,9 Kazakhstan
64%
781,900 70 Cyprus
63%
1,216,000 1,5 Germany
58%
954,964 1,6 Italy
48%
1,477,955 5 Uzbekistan
48%
943,541 17 Kyrgyzstan
38%
1,500,000 3,10 Spain
38%
1,100,000 5 Syria
36%
No matching quizzes found
Score Distribution
Percent of People with Each Score
Percentile by Number Answered
Your Score History
You have not taken this quiz since the last reset